Anatomy of a Clock - Statistics

General Stats
  • This quiz has been taken 22 times
  • The average score is 2 of 5
Answers on the Map
Answers color-coded by a green-red scale on the quiz's map according to % correct below.
 
Answer Stats
Answer % Correct
Hands
88%
Dial
59%
Pendulum
47%
Gears
24%
Escapement
0%
No matching quizzes found
Score Distribution
Percent of People with Each Score
Percentile by Number Answered
Your Score History
You have not taken this quiz